|
|
|
|
| LEADER |
00000nam0a2200000 4500 |
| 001 |
351253 |
| 005 |
20231102010402.0 |
| 010 |
|
|
|a 5120016707
|
| 035 |
|
|
|a (RuTPU)RU\TPU\retro\6201
|
| 090 |
|
|
|a 351253
|
| 100 |
|
|
|a 20190523d1990 k y0rusy50 ca
|
| 101 |
0 |
|
|a rus
|
| 102 |
|
|
|a UA
|
| 105 |
|
|
|a a z 001zy
|
| 200 |
1 |
|
|a Колебания и волны в слоистых средах
|e [монография]
|f В. М. Сеймов, А. Н. Трофимчук, О. А. Савицкий
|g Академия наук Украинской ССР (АН УССР), Институт гидромеханики ; под ред. В. Т. Гринченко
|
| 210 |
|
|
|a Киев
|c Наукова думка
|d 1990
|
| 215 |
|
|
|a 221 с.
|c ил.
|
| 320 |
|
|
|a Библиогр.: с. 201-219
|
| 606 |
1 |
|
|a Слоистые среды
|x Акустика
|2 stltpush
|3 (RuTPU)RU\TPU\subj\55219
|9 73279
|
| 610 |
1 |
|
|a волны
|
| 610 |
1 |
|
|a колебания
|
| 610 |
1 |
|
|a сплошные среды
|
| 610 |
1 |
|
|a модели
|
| 610 |
1 |
|
|a уравнения
|
| 610 |
1 |
|
|a динамика
|
| 610 |
1 |
|
|a математические методы
|
| 610 |
1 |
|
|a жидкости
|
| 610 |
1 |
|
|a полуплоскости
|
| 610 |
1 |
|
|a задача Лэмба
|
| 675 |
|
|
|a 534.2
|v 4
|
| 700 |
|
1 |
|a Сеймов
|b В. М.
|g Валентин Михайлович
|
| 701 |
|
1 |
|a Трофимчук
|b А. Н.
|g Александра Николаевна
|
| 701 |
|
1 |
|a Савицкий
|b О. А.
|g Олег Анатольевич
|
| 702 |
|
1 |
|a Гринченко
|b В. Т.
|4 340
|
| 712 |
0 |
2 |
|a Академия наук Украинской ССР (АН УССР)
|b Институт гидромеханики
|2 stltpush
|3 (RuTPU)RU\TPU\col\7884
|
| 801 |
|
1 |
|a RU
|b 63413507
|c 20190523
|
| 942 |
|
|
|c BK
|